00975nam a2200229 45000010005000001000033000051010008000382000342000462100117003886060016005056060032005216070028005537000023005817010017006047010015006217010018006367010017006547010017006717010016006887010021007048010020007252647 a20190723b u||y0fre||u0ba y50 aeng aSecond Class, Working ClassbPériodiqueeAn anthology of original documents, analyses and interviews on working women. Articles selected from the international women's press and translated for the first time into English. fCecilia Brunazzi, Linda Fogel, Norma Fox gCarole Leita, Sarah Levin, Ines Reider, Merle Shaw, Adelheid Zoefel  aEtats-UnisbPeoples Translation Service, 4228 Telegraph Avenue, Oakland, CA 94609 cPeoples Translation Service  aFéminisme aSolidarité internationale aEtats-Unis d'Amérique aBrunazzibCecilia  aFogelbLinda aFoxbNorma aLeitabCarole aLevinbSarah aRiederbInes aShawbMerle aZoefelbAdelheid aCHbCH-002049-8